Normal view
MARC view
- B. R. Bugelski
Entry Personal Name
001 - CONTROL NUMBER
- control field: 4843
003 - CONTROL NUMBER IDENTIFIER
- control field: OSt
005 - DATE AND TIME OF LATEST TRANSACTION
- control field: 20221106232552.0
008 - FIXED-LENGTH DATA ELEMENTS
- fixed length control field: 221106|| aca||aabn | a|a d
040 ## - CATALOGING SOURCE
- Original cataloging agency: OSt
- Transcribing agency: OSt
100 ## - HEADING--PERSONAL NAME
- Personal name: B. R. Bugelski
670 ## - SOURCE DATA FOUND
- Source citation: Work cat.: (OSt)2397: Bugelski, B. R. 4842, The Psychology of Learning Applied to Teaching : , c1964
